[Event "UZB-ch 1st League"]
[Site "Bukhara"]
[Date "2008.04.13"]
[Round "8"]
[White "Mustafaev, Jamshid"]
[Black "Khamroev, Ravshan"]
[Result "1-0"]
[WhiteElo "2346"]
[BlackElo "2129"]
[PlyCount "81"]
[EventDate "2008.04.06"]
[EventType "tourn"]
[EventRounds "11"]
[EventCountry "UZB"]
[EventCategory "1"]
[SourceTitle "EXT 2015"]
[Source "ChessBase"]
[SourceDate "2014.11.20"]
[SourceVersion "1"]
[SourceVersionDate "2014.11.20"]
[SourceQuality "1"]

1. Nf3 Nf6 2. g3 b5 3. a4 b4 4. Bg2 Bb7 5. d3 c5 6. e4 d6 7. 0-0 g6 8. e5 dxe5 9. Nxe5 Bxg2 10. Kxg2 Nbd7 11. Nc4 Bg7 12. Qf3 0-0 13. a5 Rc8 14. Nbd2 Nb8 15. Nb3 Nc6 16. Be3 Nd4 17. Bxd4 cxd4 18. Rfe1 Re8 19. a6 Nd5 20. Re2 e6 21. Qe4 Rc7 22. Ra5 Ne7 23. Rb5 Nc6 24. Nba5 Nb8 25. Rxb4 Nxa6 26. Rb5 Qd7 27. Rb7 Rec8 28. Rxc7 Qxc7 29. Qb7 Qxb7+ 30. Nxb7 Nb4 31. Nba5 Kf8 32. Kf1 Ke7 33. Ke1 Rc7 34. Kd1 Rc8 35. Nb3 Rd8 36. Nc5 Rc8 37. Ne4 h6 38. f4 Rc6 39. Ned2 Rc5 40. Nf3 Rd5 41. Kd2 1-0

[Event "UZB-ch 1st League"]
[Site "Bukhara"]
[Date "2008.04.10"]
[Round "5"]
[White "Kasyan, Aleksandr"]
[Black "Mustafaev, Jamshid"]
[Result "1/2-1/2"]
[WhiteElo "2314"]
[BlackElo "2346"]
[PlyCount "25"]
[EventDate "2008.04.06"]
[EventType "tourn"]
[EventRounds "11"]
[EventCountry "UZB"]
[EventCategory "1"]
[SourceTitle "EXT 2015"]
[Source "ChessBase"]
[SourceDate "2014.11.20"]
[SourceVersion "1"]
[SourceVersionDate "2014.11.20"]
[SourceQuality "1"]

1. d4 d5 2. c4 c6 3. cxd5 cxd5 4. Nc3 Nf6 5. Bf4 Nc6 6. e3 a6 7. Bd3 e6 8. h3 Bd6 9. Nge2 0-0 10. Bxd6 Qxd6 11. 0-0 b5 12. a4 b4 13. Nb1 1/2-1/2

[Event "Wch U16"]
[Site "Kemer"]
[Date "2007.11.24"]
[Round "7"]
[White "Gijsen, Stief"]
[Black "Mustafaev, Jamshid"]
[Result "0-1"]
[WhiteElo "2084"]
[BlackElo "2275"]
[PlyCount "88"]
[EventDate "2007.11.18"]
[EventType "swiss"]
[EventRounds "11"]
[EventCountry "TUR"]
[SourceTitle "CBM 121 Extra"]
[Source "ChessBase"]
[SourceDate "2008.01.10"]
[SourceVersion "1"]
[SourceVersionDate "2008.01.10"]
[SourceQuality "1"]

1. e4 c5 2. Nf3 d6 3. Bb5+ Nd7 4. d4 cxd4 5. Qxd4 e5 6. Qd3 Ngf6 7. 0-0 h6 8. c4 a6 9. Bxd7+ Bxd7 10. Nc3 Be7 11. b3 0-0 12. Ba3 Qa5 13. Bc1 Rac8 14. Bd2 Qc7 15. Rac1 Qb8 16. a4 Be6 17. Be3 Nd7 18. Nd5 Bd8 19. Nd2 Nf6 20. h3 b6 21. f4 exf4 22. Bxf4 Bxd5 23. exd5 Qc7 24. Nf3 Nh5 25. Bh2 g6 26. Nd4 Bg5 27. Rce1 Rce8 28. Kh1 Qd7 29. Qf3 Bf6 30. Nc6 Rxe1 31. Rxe1 Bg5 32. g4 Ng7 33. Re4 f5 34. Re2 fxg4 35. Qxg4 Nf5 36. Nd4 Qg7 37. Ne6 Qa1+ 38. Qg1 Ng3+ 39. Bxg3 Rf1 40. Re1 Rxg1+ 41. Rxg1 Qc3 42. Kh2 Qxb3 43. Bxd6 Qxc4 44. Nxg5 Qxd5 0-1

[Event "Wch U16"]
[Site "Kemer"]
[Date "2007.11.22"]
[Round "5"]
[White "Tofte, Sondre Waage"]
[Black "Mustafaev, Jamshid"]
[Result "0-1"]
[WhiteElo "2107"]
[BlackElo "2275"]
[PlyCount "69"]
[EventDate "2007.11.18"]
[EventType "swiss"]
[EventRounds "11"]
[EventCountry "TUR"]
[SourceTitle "CBM 121 Extra"]
[Source "ChessBase"]
[SourceDate "2008.01.10"]
[SourceVersion "1"]
[SourceVersionDate "2008.01.10"]
[SourceQuality "1"]

1. e4 c5 2. Nf3 d6 3. d4 cxd4 4. Nxd4 Nf6 5. Nc3 a6 6. Be3 e5 7. Nb3 Be7 8. f3 Be6 9. Qd2 h5 10. 0-0-0 Nbd7 11. h3 Rc8 12. Be2 h4 13. f4 b5 14. Bf3 Qc7 15. Kb1 b4 16. Ne2 a5 17. g4 hxg3 18. Nxg3 a4 19. Nc1 exf4 20. Bxf4 Ne5 21. Bxe5 dxe5 22. Nf5 Bxf5 23. exf5 e4 24. Be2 a3 25. Ba6 Rd8 26. Qg2 Qe5 27. c4 bxc3 28. b3 Rd2 29. Rxd2 cxd2 30. Qxd2 0-0 31. Rg1 Nd5 32. Ne2 Bf6 33. Bc4 Rd8 34. Kc1 Qa1+ 35. Kc2 0-1